000 00227nam a22000977a 4500
008 170105b xxu||||| |||| 00| 0 eng d
041 _aeng
080 _21ST
_a618.2
245 _aPOCKET GUIDE FOR NURSING
_cROSE, H
942 _2udc
_cBK
999 _c2561
_d2561